Ingeniería económica : (Registro nro. 5689)
[ vista simple ]
| 000 -LEADER | |
|---|---|
| fixed length control field | 01546nam a2200325Ia 4500 |
| 003 - CONTROL NUMBER IDENTIFIER | |
| control field | OSt |
| 005 - DATE AND TIME OF LATEST TRANSACTION | |
| control field | 20201210170218.0 |
| 008 - FIXED-LENGTH DATA ELEMENTS--GENERAL INFORMATION | |
| fixed length control field | 191128s1970 mx ad gr 000 0 spa d |
| 020 ## - INTERNATIONAL STANDARD BOOK NUMBER | |
| International Standard Book Number | 9681800966 |
| 040 ## - CATALOGING SOURCE | |
| Original cataloging agency | CO-JMCR |
| Transcribing agency | CO-JMCR |
| 041 0# - LANGUAGE CODE | |
| Language code of text/sound track or separate title | spa |
| 082 04 - DEWEY DECIMAL CLASSIFICATION NUMBER | |
| Classification number | 658.404 / |
| Item number | T238i |
| Edition number | 23 |
| 100 1# - MAIN ENTRY--PERSONAL NAME | |
| Personal name | Taylor, George A., |
| Relator term | autor |
| 9 (RLIN) | 12532 |
| 245 10 - TITLE STATEMENT | |
| Title | Ingeniería económica : |
| Remainder of title | toma de decisiones económicas / |
| Statement of responsibility, etc. | George A. Taylor ; traductor, Agustin Contin S. ; Revisión: Manuel Diaz Rivera |
| 250 ## - EDITION STATEMENT | |
| Edition statement | Primera edición |
| 260 ## - PUBLICATION, DISTRIBUTION, ETC. | |
| Place of publication, distribution, etc. | México : |
| Name of publisher, distributor, etc. | Editorial Limusa, |
| Date of publication, distribution, etc. | 1970 |
| 300 ## - PHYSICAL DESCRIPTION | |
| Extent | 556 páginas : |
| Other physical details | gráficos a blanco y negro ; |
| Dimensions | 23 cm. |
| 500 ## - GENERAL NOTE | |
| General note | Incluye índice alfabético. |
| 504 ## - BIBLIOGRAPHY, ETC. NOTE | |
| Bibliography, etc. note | Bibliografía: página 503-504. |
| 505 0# - FORMATTED CONTENTS NOTE | |
| Formatted contents note | Alternativas -- Necesidad de una tasa de rendimiento -- Fórmulas y deducciones de la tasa de rendimiento -- Aplicación de las fórmulas de la tasa de rendimiento -- Equivalencias -- Comparaciones de costo y valor anuales -- Análisis de valor actual |
| 520 0# - SUMMARY, ETC. | |
| Summary, etc. | El propósito de esta extraordinaria obra es presentar con claridad y precisión los fundamentos de la toma de decisiones económicas, tanto en la ingeniería como en los negocios. |
| 534 ## - ORIGINAL VERSION NOTE | |
| Introductory phrase | Managerial and engineering economy |
| 546 ## - LANGUAGE NOTE | |
| Language note | Traducido del inglés |
| 650 24 - SUBJECT ADDED ENTRY--TOPICAL TERM | |
| Topical term or geographic name entry element | Decisiones económicas Industria |
| 9 (RLIN) | 12533 |
| 650 24 - SUBJECT ADDED ENTRY--TOPICAL TERM | |
| Topical term or geographic name entry element | Manejo |
| 9 (RLIN) | 12534 |
| 650 24 - SUBJECT ADDED ENTRY--TOPICAL TERM | |
| Topical term or geographic name entry element | Modelos matemáticos |
| 9 (RLIN) | 1740 |
| 700 1# - ADDED ENTRY--PERSONAL NAME | |
| Personal name | Contin S., Agustín, |
| Relator term | traductor |
| 9 (RLIN) | 12535 |
| 700 1# - ADDED ENTRY--PERSONAL NAME | |
| Personal name | Díaz Rivera, Manuel, |
| Relator term | revisor |
| 9 (RLIN) | 12536 |
| 942 ## - ADDED ENTRY ELEMENTS (KOHA) | |
| Source of classification or shelving scheme | Dewey Decimal Classification |
| Koha item type | Books |
| Withdrawn status | Lost status | Source of classification or shelving scheme | Materials specified (bound volume or other part) | Damaged status | Not for loan | Home library | Current library | Shelving location | Date acquired | Source of acquisition | Full call number | Barcode | Date last seen | Copy number | Price effective from | Koha item type | Total Checkouts |
|---|---|---|---|---|---|---|---|---|---|---|---|---|---|---|---|---|---|
| Dewey Decimal Classification | Donación--15/04/2018-- | Biblioteca Pública José María del Castillo y Rada | Biblioteca Pública José María del Castillo y Rada | General Stacks | 11/28/2019 | Donación | 658.404 / T238i | 430003866 | 05/16/2024 | Ej.1 | 11/28/2019 | Books | |||||
| Dewey Decimal Classification | Donación--15/04/2018-- | Biblioteca Pública José María del Castillo y Rada | Biblioteca Pública José María del Castillo y Rada | General Stacks | 11/28/2019 | Donación | 658.404 / T238i | 430004197 | 05/16/2024 | Ej.2 | 11/28/2019 | Books |